Za Karolom Tomaščíkom

Bibliographic Details
Main Author: (pj) (Author)
Format: Article
Language:Slovak
Subjects:

MARC

LEADER 00000nab a2200000 a 4500
001 vtls000692700
003 SK-MaSNL
005 20260302180324.0
008 140422c1999 xo 0 slo
015 |a SNBRB1999/05-10943 
035 |a CLN000044867 
040 |a SNKBUCL  |b slo  |c SNKBUCL  |e AACR2 
041 0 |a slo 
044 |a xo  |c SK 
080 |a 82:929:885.4  |2 1997 
080 |a 885.4:929  |2 1997 
080 |a 929 Tomaščík, Karol  |2 1997 
100 0 |a (pj)  |4 aut  |9 871536 
245 1 0 |a Za Karolom Tomaščíkom  |c [autor] (pj) 
600 1 7 |a Tomaščík, Karol,  |d 1919-1999  |2 snkbucl  |9 210985 
655 7 |a články z novín a časopisov  |2 snkbucl  |9 267496 
773 0 |t Literárny týždenník  |g Roč. 12, č. 10 (1999), s. 2  |x 0862-5999 
850 |a Slovenská národná knižnica v Martine 
852 |a SNK  |b KIS3GCP 
958 |a SK 
958 |a LX 
958 |a BX 
992 |a RBX 
999 |c 1410145  |d 1412075